000 00438nam a2200157Ia 4500
008 090124s9999 xx 000 0 und d
082 _b112087
245 _a तीर्थांचे सागर
250 _a0
260 _c1967
300 _a468
630 _a तीर्थांचे सागर
700 _aबाबर सरोजीनी
730 _a तीर्थांचे सागर
942 _cBOOK
999 _c158178
_d158178